Transakcie medzi závislými osobami v rámci európskej spoločnosti a ich vplyv na oceňovanie diplomová práca

Salvato in:
Dettagli Bibliografici
Autore principale: Tomanová, Miroslava
Ente Autore: Fakulta hospodárskej informatiky EU. Katedra účtovníctva a audítorstva
Altri autori: Ondrušová, Lucia, 1981-
Natura: Libro
Lingua:slovacco
Pubblicazione: Bratislava 2014
Tags: Aggiungi Tag
Nessun Tag, puoi essere il primo ad aggiungerne!!

MARC

LEADER 00000nbm a2200000 4500
001 0188689
005 20170201105508.3
041 0 |a slo 
044 |a SK 
245 1 0 |a Transakcie medzi závislými osobami v rámci európskej spoločnosti a ich vplyv na oceňovanie  |b diplomová práca  |c Miroslava Tomanová ; školiteľ: Branislav Parajka 
264 1 |a Bratislava  |c 2014 
300 |a 58 s. 
100 1 |a Tomanová, Miroslava 
700 1 |a Ondrušová, Lucia, 1981- 
710 2 |a Fakulta hospodárskej informatiky EU. Katedra účtovníctva a audítorstva